Robustné riadenie systému pruženia automobilu
Saved in:
| Main Author: | |
|---|---|
| Other Authors: | |
| Format: | Manuscript Book |
| Language: | Slovak |
| Published: |
2015
|
| Subjects: | |
| Online Access: | http://is.stuba.sk/zp/portal_zp.pl?podrobnosti=98257 |
| Tags: |
No Tags, Be the first to tag this record!
|
MARC
| LEADER | 00000ntm a22000003a 4500 | ||
|---|---|---|---|
| 001 | stuzp35469 | ||
| 003 | SK-STU | ||
| 005 | 20160719152941.3 | ||
| 007 | ta | ||
| 008 | 150427s2015----xo-----f-mn---000-0-slo-d | ||
| 040 | |a STU |b slo | ||
| 041 | 0 | |a slo | |
| 100 | 1 | |a Lokšík, Milan |u 020020 |4 aut |U SjF Strojnícka fakulta |T SjF Ústav automatizácie, merania a aplikovanej informatiky |X 45107 |U J0020 |Y 802 |7 A000045107 | |
| 242 | 0 | 1 | |a Robust Control of Vehicle Suspension System |y eng |
| 245 | 1 | 0 | |a Robustné riadenie systému pruženia automobilu |
| 260 | |c 2015 | ||
| 300 | |a 146 s. |b CD | ||
| 650 | 4 | |a pruženie automobilu |2 slo | |
| 650 | 4 | |a komponenty pruženia |2 slo | |
| 650 | 4 | |a robustné riadenie |2 slo | |
| 650 | 4 | |a suspension components |2 eng | |
| 650 | 4 | |a vehicle suspension |2 eng | |
| 650 | 4 | |a robust control |2 eng | |
| 700 | 1 | |a Belavý, Cyril |4 ths |X 2440 |7 A000002440 | |
| 856 | 4 | |u http://is.stuba.sk/zp/portal_zp.pl?podrobnosti=98257 | |
| 996 | |b 284J044478 |c J* 117760 |l JJST |s P |a 0 |w stuzp35469_0001 | ||
| SQL | |a stuzp35469 |b DDZ |c SLO |d Robustné riadenie systému pruženia automobilu |e 45107 |f Lokšík, Milan |g 020020 |h 2440 |i Belavý, Cyril |j 20150827 |k 67 |l 02 |m http://is.stuba.sk/zp/portal_zp.pl?podrobnosti=98257 |n D-MECH |o 5.2.16. mechatronika | ||